El consejo terapéutico : Un manual para pastores y consejeros : Consideraciones teóricas, Principios bíblicos-teológicos integrados a la Psicología y Aplicaciones prácticas / Pablo Polischuk (Registro nro. 42531)
[ vista simple ]
| 000 -LÍDER | |
|---|---|
| Campo fijo de descripción fija | 010310000a22002050004500 |
| 020 ## - NÚMERO INTERNACIONAL NORMALIZADO PARA LIBROS | |
| Número Internacional Normalizado del libro | 84-7465-728-6 |
| 041 0# - CÓDIGO DE IDIOMA | |
| Código de idioma para texto/pista de sonido o título separado | |
| 082 04 - NÚMERO DE CLASIFICACIÓN DECIMAL DEWEY | |
| Número de clasificación | G 253.52 P786c |
| 001 - NÚMERO DE CONTROL | |
| Campo de control | 13574 |
| 100 1# - ASIENTO PRINCIPAL--NOMBRE PERSONAL | |
| Nombre personal | Polischuk, Pablo |
| 245 10 - TÍTULO | |
| Título del Material | El consejo terapéutico : Un manual para pastores y consejeros : Consideraciones teóricas, Principios bíblicos-teológicos integrados a la Psicología y Aplicaciones prácticas / Pablo Polischuk |
| 260 ## - PUBLICACIÓN, DISTRIBUCIÓN, ETC. (PIE DE IMPRENTA) | |
| Lugar de publicación, distribución, etc. | Barcelona : CLIE |
| 300 ## - DESCRIPCIÓN FÍSICA | |
| Extensión | 428 Pag |
| 336 ## - CONTENT TYPE | |
| Content type term | texto |
| Content type code | txt |
| Source | rdacontent |
| 337 ## - MEDIA TYPE | |
| Source | rdamedia |
| Media type term | sin mediación |
| Media type code | n |
| 338 ## - CARRIER TYPE | |
| Source | rdacarrier |
| Carrier type term | volumen |
| Carrier type code | nc |
| 505 00 - NOTA DE CONTENIDO | |
| Nota de contenido con formato preestablecido | - Integración sicología - teología - El ser humano: contribuciones teológicas a la antropología bíblica - El ser y el devenir - Consideraciones acerca del pecado y la psicopatología - Desarrollo humano natural - Contribuciones fisiológicas y neurológicas al entendimiento del ser humano - Problemas emocionales-espirituales - Conceptos básicos del consejo terapéutico |
| 650 14 - ASIENTO SECUNDARIO DE MATERIA - TERMINO TEMÁTICO | |
| Término temático o nombre geográfico como elemento de entrada | CONSEJERIA PASTORAL |
| 942 ## - TIPO DE MATERIAL (KOHA) | |
| Tipo de Item KOHA | Libros General |
| Estado de Material | Estado de Perdido | Forma de Clasificación | Estado de Dañado | No para Préstamo | Colección | Tomo | Biblioteca de Origen | Biblioteca Permanente | Fecha de Adquisición | Total de Préstamos | Total de Renovaciones | Signatura Topográfica | Código de Barras | Última vez visto | Última vez Préstado | Ejemplar/Existencia | Fecha de Remplazo | Tipo de Material |
|---|---|---|---|---|---|---|---|---|---|---|---|---|---|---|---|---|---|---|
| Dewey Decimal Classification | Colección General | Biblioteca FUSBC | Biblioteca FUSBC | 24/04/2006 | 12 | 5 | G 253.52 P786c | 16004 | 28/05/2025 | 17/05/2025 | Ej. 1 | 26/01/2016 | Libros General | |||||
| Dewey Decimal Classification | Colección General | Biblioteca FUSBC | Biblioteca FUSBC | 24/04/2006 | 12 | 5 | G 253.52 P786c | 16006 | 08/04/2025 | 17/03/2025 | Ej. 3 | 26/01/2016 | Libros General | |||||
| Dewey Decimal Classification | Colección General | Biblioteca FUSBC | Biblioteca FUSBC | 24/04/2006 | 13 | 10 | G 253.52 P786c | 16005 | 22/05/2025 | 02/04/2025 | Ej. 2 | 26/01/2016 | Libros General |
